Don Segundo sombra
Guardat en:
| Autor principal: | |
|---|---|
| Format: | Llibre |
| Idioma: | espanyol |
| Publicat: |
Santiago
Andres Bello
1985
|
| Col·lecció: | Colecciòn Biblioteca Andres Bello
|
| Matèries: | |
| Etiquetes: |
Afegir etiqueta
Sense etiquetes, Sigues el primer a etiquetar aquest registre!
|
MARC
| LEADER | 00000nam a2200000 a 4500 | ||
|---|---|---|---|
| 001 | UCH6237 | ||
| 003 | CL-VaPUC | ||
| 008 | 091109e19850000CL |||||||||||||||||spa|d | ||
| 082 | 0 | 4 | |a Ar863 |b GUI |2 21 |
| 100 | |a Güiraldes, Ricardo |e autor |9 303637 | ||
| 245 | 1 | 0 | |a Don Segundo sombra |
| 300 | |a 199 p | ||
| 942 | |c BK | ||
| 945 | |d 20091109 00:00:00 |a lazolas | ||
| 260 | |a Santiago |b Andres Bello |c 1985 | ||
| 650 | 0 | |a Novelas argentinas |9 267871 | |
| 583 | |a last modification |c 20091109 00:00:00 |k Rodrigo Vera | ||
| 490 | 0 | |a Colecciòn Biblioteca Andres Bello | |
| 999 | |c 337169 |d 337167 | ||